Kritériá hodnotenia úspešnosti investičného projektu diplomová práca

Salvato in:
Dettagli Bibliografici
Autore principale: Čopíková, Lívia
Ente Autore: Podnikovohospodárska fakulta EU so sídlom v Košiciach. Katedra finančného riadenia podniku
Altri autori: Beslerová, Stela
Natura: Libro
Lingua:slovacco
Pubblicazione: Košice 2016
Tags: Aggiungi Tag
Nessun Tag, puoi essere il primo ad aggiungerne!!

MARC

LEADER 00000nbm a2200000 4500
001 0217584
005 20161213101646.4
041 0 |a slo 
044 |a SK 
245 1 0 |a Kritériá hodnotenia úspešnosti investičného projektu  |b diplomová práca  |c Lívia Čopíková ; školiteľ: Stela Beslerová 
264 1 |a Košice  |c 2016 
300 |a 74 s. 
100 1 |a Čopíková, Lívia 
700 1 |a Beslerová, Stela 
710 2 |a Podnikovohospodárska fakulta EU so sídlom v Košiciach. Katedra finančného riadenia podniku